| 000 | 00635 #a2200241 #4500 | ||
|---|---|---|---|
| 001 | BNM000994 | ||
| 005 | 20220830132213.0 | ||
| 008 | aespañol | ||
| 020 | _a987-9300-86-6 | ||
| 040 | _aAR-C50180D0 | ||
| 100 |
_aCravino, María Cristina _91057 |
||
| 245 |
_aLas villas de la ciudad _bmercado e informalidad urbana _cMaría Cristina Cravino |
||
| 250 | _a1a.ed. | ||
| 260 |
_aLos Polvorines _bUNGS _c2006 |
||
| 300 | _a280 p. | ||
| 440 | _aInstituto del Conurbano | ||
| 650 | _aVIVIENDAS | ||
| 650 | _aVILLAS | ||
| 650 | _aMERCADO MOBILIARIO | ||
| 942 |
_2ddc _cLIBRO |
||
| 999 |
_c1785 _d1785 |
||
| 980 |
_820562 _g Diego Higa |
||